000 00632nam a2200205 a 4500
001 19700
003 CO-ViMGA
008 141112s2004 ck r 000 u spa d
020 _a8480195908
040 _aCO-ViMGA
_bspa
_cCO-ViMGA
082 0 4 _a796.077 B672q
100 1 _aBoschetti, Gianpaolo
_928516
245 1 0 _aQue es la electroestimulación? :
_bteoría, práctica y metodología del entrenamiento
260 _aBarcelona :
_bPaidotribo,
_c2002
300 _a266 p.
590 _aForma de adquisición : Premio Mincultura
650 1 4 _aENTRENAMIENTO DEPORTIVO
650 1 4 _aESTIMULACION ELECTRICA
_928517
942 _2ddc
_cBK
999 _c28835
_d28835